000 00559nam a22001457a 4500
003 MACL
005 20170623121229.0
008 170623b xxu||||| |||| 00| 0 eng d
040 _c MACL
100 _aत्रिपाठी, अमीश
_967747
245 _aशिव रचना त्रय 2 नागाओं का रहस्‍य
260 _aनई दिल्‍ली
_bवैस्‍टलैंड लिमिटेड यात्रा बुक्‍स
_c2011
650 _aउपन्‍यास
_967750
942 _2ddc
_cHIN
999 _c56631
_d56631